مکا ن (Record no. 174872)

MARC details
000 -LEADER
fixed length control field 00585nam a22001937a 4500
005 - DATE AND TIME OF LATEST TRANSACTION
control field 20200720124531.0
010 ## - LCCN (DPL NO)
LC control number B-97666
020 ## - INTERNATIONAL STANDARD BOOK NUMBER
Terms of availability 200.00
International Standard Book Number 8182230470
035 ## - SYSTEM CONTROL NUMBER
System control number B-97666
037 ## - SOURCE OF ACQUISITION
Source of stock number/acquisition BPPD/PUB
Stock number -
082 ## - DEWEY DECIMAL CLASSIFICATION NUMBER
Classification number ن
100 ## - MAIN ENTRY--PERSONAL NAME
Personal name پيغا م آ فا قی
245 ## - TITLE STATEMENT
Title مکا ن
Statement of responsibility, etc پيغا م آ فا قی
246 ## - VARYING FORM OF TITLE
Remainder of title Makan (Urdu)
Title proper/short title by Pegham Aafaqui
260 ## - PUBLICATION, DISTRIBUTION, ETC. (IMPRINT)
Place of publication, distribution, etc N.Delhi
Name of publisher, distributor, etc Educational Publishing House
Date of publication, distribution, etc 2004 ء
270 ## - ADDRESS
Address 3108,Vakil Street, Kucha Pandit, Lal Kuan,
City Delhi
Postal code 110006
Telephone number -
Fax number -
300 ## - PHYSICAL DESCRIPTION
Extent 431 ص
Dimensions 22 Cm(Hb)
942 ## - ADDED ENTRY ELEMENTS (KOHA)
Source of classification or shelving scheme Dewey Decimal Classification
Item type Urdu Bks
Classification part ن
Call number suffix پ ے غ
Holdings
Withdrawn status Lost status Not for loan Collection code Home library Current library Date acquired Source of acquisition Cost, normal purchase price Full call number Barcode Copy number Cost, replacement price Koha item type
      Fiction Central Library Central Library 20/07/2020 BPPD/Ven. 200.00 ن پ ے غ B-97666 1 200.00 Urdu Bks

© Delhi Public Library
Hit Counter
free hit counter